000
00313nam a2200133Ia 4500
005
20260328104316.0
008
260328s9999||||xx |||||||||||||| ||und||
100
_a
Ondaatje, Kim
245
0
_a
Small Churches of Canada /
_c
Kim Ondaatje
260
_b
Lester
300
_a
195 p.
650
_a
CANADÁ
942
_c
BK
999
_c
11149
_d
11149